LIBRARY & INFORMATION CENTRE, KCAET, TAVANUR

ONLINE PUBLIC ACCESS CATALOGUE (OPAC)

Design, development, fabrication and testing of a power operated paddy weeder for dryland cultivation (Record no. 15350)

MARC details
000 -LEADER
fixed length control field 00557nam a22001697a 4500
082 ## - DEWEY DECIMAL CLASSIFICATION NUMBER
Classification number 631.37
Item number BHA/DE
100 ## - MAIN ENTRY--AUTHOR NAME
Personal name BHATTACHARYA, BHUPEN KUMAR
245 ## - TITLE STATEMENT
Title Design, development, fabrication and testing of a power operated paddy weeder for dryland cultivation
260 ## - PUBLICATION, DISTRIBUTION, ETC. (IMPRINT)
Place of publication Tavanur
Name of publisher Kelappaji College of Agricultural Engineering and Technology
Year of publication 1990
300 ## - PHYSICAL DESCRIPTION
Number of Pages 69
500 ## - GENERAL NOTE
General note project report
520 ## - SUMMARY, ETC.
Summary, etc project report
650 ## - SUBJECT ADDED ENTRY--TOPICAL TERM
Topical Term project report
700 ## - ADDED ENTRY--PERSONAL NAME
Personal name Gopakumar Menon, T
700 ## - ADDED ENTRY--PERSONAL NAME
Personal name Jayasree, P
942 ## - ADDED ENTRY ELEMENTS (KOHA)
Koha item type Project Report
Holdings
Withdrawn status Lost status Damaged status Home library Current library Date acquired Full call number Accession Number Koha item type
      KAUAET KAUAET 05/01/1990 631.37 BHA/DE 16578 Project Report
free website counter